Normal view MARC view
  • ELECTRON CAPTURE DETECTOR.THERMAL ELECTRONS.GAS CHROMATOGRAPHY.ELECTRONS-CAPTURE

Entry Topical Term

Number of records used in: 1

001 - CONTROL NUMBER

  • control field: 65129

003 - CONTROL NUMBER IDENTIFIER

  • control field: NUST

005 - DATE AND TIME OF LATEST TRANSACTION

  • control field: 20210628203403.0

008 - FIXED-LENGTH DATA ELEMENTS

  • fixed length control field: 210628|| aca||aabn | a|a d

040 ## - CATALOGING SOURCE

  • Original cataloging agency: NUST
  • Transcribing agency: NUST

150 ## - HEADING--TOPICAL TERM

  • Topical term or geographic name entry element: ELECTRON CAPTURE DETECTOR.THERMAL ELECTRONS.GAS CHROMATOGRAPHY.ELECTRONS-CAPTURE

670 ## - SOURCE DATA FOUND

  • Source citation: Work cat.: (NUST): Chen, E.C. M., Chen, E.S.D 65128, The electron capture detector and the study of reactions with thermal electrons, 2004
© 2023 Central Library, National University of Sciences and Technology. All Rights Reserved.